Survey on infectious disease of chicken raising of pattern farmers in prey kabbas district takeo province, ការអង្កេតពីជំងឺសំខាន់ៗដែលជួបប្រទះលើមាន់ចិញ្ចឹមជាលក្ខណៈគ្រួសារនៅស្រុកព្រៃកប្បាស ខេត្ដតាកែវ (Record no. 2668)

000 -LEADER
fixed length control field 00723nam a22001337a 4500
040 ## - CATALOGING SOURCE
Transcribing agency RUA
082 ## - DEWEY DECIMAL CLASSIFICATION NUMBER
Classification number AVM CHI 2013 B109 Or.1
100 ## - MAIN ENTRY--AUTHOR NAME
Personal name CHIM, PUTH.
245 ## - TITLE STATEMENT
Title Survey on infectious disease of chicken raising of pattern farmers in prey kabbas district takeo province, ការអង្កេតពីជំងឺសំខាន់ៗដែលជួបប្រទះលើមាន់ចិញ្ចឹមជាលក្ខណៈគ្រួសារនៅស្រុកព្រៃកប្បាស ខេត្ដតាកែវ
260 ## - PUBLICATION, DISTRIBUTION, ETC. (IMPRINT)
Place of publication Phnom Penh
Name of publisher RUA
Year of publication 2013
300 ## - PHYSICAL DESCRIPTION
Number of Pages x; 35p.
Other physical details ill.
Dimensions 29cm.
856 ## - ELECTRONIC LOCATION AND ACCESS
Uniform Resource Identifier https://drive.google.com/file/d/1Nd0fhiSi_lBcyopukK3OrJctoSSeANZj/view?usp=sharing
942 ## - ADDED ENTRY ELEMENTS (KOHA)
Koha item type AVM
952 ## - LOCATION AND ITEM INFORMATION (KOHA)
Withdrawn status [LOCAL, KOHA] 0
952 ## - LOCATION AND ITEM INFORMATION (KOHA)
Withdrawn status [LOCAL, KOHA] 0
952 ## - LOCATION AND ITEM INFORMATION (KOHA)
Withdrawn status [LOCAL, KOHA] 0
952 ## - LOCATION AND ITEM INFORMATION (KOHA)
Withdrawn status [LOCAL, KOHA] 0
952 ## - LOCATION AND ITEM INFORMATION (KOHA)
Withdrawn status [LOCAL, KOHA] 0
952 ## - LOCATION AND ITEM INFORMATION (KOHA)
Withdrawn status [LOCAL, KOHA] 0
952 ## - LOCATION AND ITEM INFORMATION (KOHA)
Withdrawn status [LOCAL, KOHA] 0
952 ## - LOCATION AND ITEM INFORMATION (KOHA)
Withdrawn status [LOCAL, KOHA] 0
Holdings
Permanent Location Date acquired Koha item type Lost status Shelving location Barcode Current Location Full call number
Library Block B2015-10-25AVM B109RUA018155Library Block BAVM CHI 2013 B109 Or.1
Library Block B2015-10-25AVM B109RUA018013Library Block BAVM CHI 2013 B109 Or.2
Library Block B2015-10-25AVM B109RUA008898Library Block BAVM CHI 2013 B109 Or.3
Library Block B2015-10-25AVM B109RUA008891Library Block BAVM CHI 2013 B109 Or.4
Library Block B2015-10-25AVM B109RUA025800Library Block BAVM CHI 2013 B109 Or.5
Library Block B2015-10-25AVM B109RUA008819Library Block BAVM CHI 2013 B109 Or.6
Library Block B2015-10-25AVM B109RUA015358Library Block BAVM CHI 2013 B109 Or.7
Library Block B2015-10-25AVM B109RUA015394Library Block BAVM CHI 2013 B109 Or.8
មជ្ឈមណ្ឌលឯការនៃសាកលវិទ្យាល័យភូមិន្ទកសិកម្មចំការដូង

Powered by Koha